Welcome to the Holygrace Academy Library

Please use search bar below to get started

PABLO PICASSO (Record no. 5802)

MARC details
000 -LEADER
fixed length control field 00296nam a22001337a 4500
020 ## - INTERNATIONAL STANDARD BOOK NUMBER
ISBN 978-9-351-03812-2
082 ## - DEWEY DECIMAL CLASSIFICATION NUMBER
Classification number 920
Item number VEN/P
100 ## - MAIN ENTRY--AUTHOR NAME
Personal name VENEZIA, MIKE
245 ## - TITLE STATEMENT
Title PABLO PICASSO
260 ## - PUBLICATION, DISTRIBUTION, ETC. (IMPRINT)
Place of publication NEW YORK
Name of publisher SCHOLASTIC
Year of publication 2015
300 ## - PHYSICAL DESCRIPTION
Number of Pages 32
650 ## - SUBJECT ADDED ENTRY--TOPICAL TERM
Topical Term BIOGRAPHY
Geographic subdivision UNITED STATES
942 ## - ADDED ENTRY ELEMENTS (KOHA)
Koha item type Books
Holdings
Withdrawn status Lost status Collection code Home library Current library Shelving location Date acquired Source of acquisition Full call number Accession Number Koha item type Cost, normal purchase price
    Non-fiction Main Library Main Library SHELF 15F -I GET IT,BIOGRAPHY FOR CHILDREN (IMPULSE GREAT PEOPLE 07/10/2015 purchase 920 VEN/P 07588 Books  
    Non-fiction Main Library Main Library SHELF 15F -I GET IT,BIOGRAPHY FOR CHILDREN (IMPULSE GREAT PEOPLE 06/10/2015 purchase 920 VEN/P 06192 Books 150.00